| 000 | 00691nam a2200217 a 4500 | ||
|---|---|---|---|
| 001 | 000032805 | ||
| 003 | DO-SdBNP | ||
| 005 | 20220824113725.0 | ||
| 007 | ta | ||
| 008 | 110726s1947 dr a 000 0 spa d | ||
| 040 |
_aDO-SdBNP _bspa _cBNPHU |
||
| 082 |
_axxx _bI37 |
||
| 100 |
_aInchaustegui, Sixto S _958623 _qSalvador |
||
| 245 | 1 | 0 |
_aFernando Alberto Defillo / _cSixto S. Inchaustegui. |
| 260 |
_aCuidad Truijllo, República Dominicana : _bTalleres Virgilio Montalvo, _c1947. |
||
| 300 |
_a55 p. : _bil. ; _c26 cm. |
||
| 590 | _aInventariado, 2022/ YL | ||
| 600 | 0 |
_923936 _aDefilló, Fernando Alberto _d1874-1949 _xCrítica e interpretación |
|
| 910 | _aYLockward | ||
| 942 |
_2ddc _cLBS1 |
||
| 999 |
_c32296 _d32296 |
||